Deutsche Fußballvereine - Statistiken

Allgemein
  • Dieses Quiz wurde 73 mal gespielt
    49 seit der letzten Aktualisierung
  • Das Durchschnittsergebnis liegt bei 77 aus 125
Antwortstatistiken
Liga Verein % Korrekt
Bundesliga Bayern München
100%
Bundesliga Borussia Dortmund
97%
Bundesliga Bayer Leverkusen
94%
Bundesliga Hamburger SV
94%
Bundesliga 1. FC Heidenheim
92%
Bundesliga Borussia Mönchengladbach
92%
2. Bundesliga Dynamo Dresden
92%
Bundesliga VfB Stuttgart
92%
Bundesliga Werder Bremen
92%
Bundesliga 1. FC Köln
89%
Bundesliga 1. FSV Mainz 05
89%
2. Bundesliga Arminia Bielefeld
89%
2. Bundesliga Eintracht Braunschweig
89%
2. Bundesliga FC Schalke 04
89%
Bundesliga FC St. Pauli
89%
3. Liga Hansa Rostock
89%
2. Bundesliga Hertha BSC
89%
Bundesliga RB Leipzig
89%
Bundesliga TSG 1899 Hoffenheim
89%
Bundesliga Union Berlin
89%
2. Bundesliga 1. FC Nürnberg
86%
3. Liga Alemannia Aachen
86%
Bundesliga Eintracht Frankfurt
86%
Bundesliga FC Augsburg
86%
2. Bundesliga Hannover 96
86%
2. Bundesliga Holstein Kiel
86%
2. Bundesliga Karlsruher SC
86%
Bundesliga SC Freiburg
86%
2. Bundesliga SpVgg Greuther Fürth
86%
2. Bundesliga VfL Bochum
86%
Bundesliga VfL Wolfsburg
86%
2. Bundesliga 1. FC Kaiserslautern
83%
3. Liga 1. FC Saarbrücken
83%
2. Bundesliga Fortuna Düsseldorf
83%
3. Liga TSV 1860 München
83%
2. Bundesliga 1. FC Magdeburg
81%
3. Liga Energie Cottbus
81%
3. Liga Jahn Regensburg
81%
3. Liga MSV Duisburg
81%
2. Bundesliga Preußen Münster
81%
2. Bundesliga SC Paderborn 07
81%
3. Liga SSV Ulm
81%
2. Bundesliga SV Darmstadt 98
81%
3. Liga Waldhof Mannheim
81%
3. Liga Erzgebirge Aue
78%
3. Liga Rot-Weiß Essen
78%
3. Liga VfL Osnabrück
78%
3. Liga FC Viktoria Köln
75%
2. Bundesliga SV Elversberg
75%
3. Liga SV Wehen Wiesbaden
75%
Regionalliga Südwest Eintracht Trier
72%
3. Liga FC Ingolstadt 04
72%
Regionalliga Südwest Stuttgarter Kickers
72%
Regionalliga Südwest FC 08 Homburg
69%
Regionalliga West Fortuna Köln
69%
Regionalliga Nordost Hallescher FC
69%
Regionalliga Südwest Kickers Offenbach
69%
Regionalliga Nordost Lokomotive Leipzig
69%
Regionalliga Nordost Rot-Weiß Erfurt
69%
Regionalliga Südwest SV Sandhausen
69%
Regionalliga Bayern Würzburger Kickers
69%
Regionalliga Nordost Carl Zeiss Jena
67%
Regionalliga Nordost Chemnitzer FC
67%
Regionalliga Südwest FSV Frankfurt
67%
Regionalliga Südwest Hessen Kassel
67%
3. Liga 1. FC Schweinfurt 05
64%
Regionalliga Bayern SpVgg Unterhaching
64%
Regionalliga Nord SC Weiche Flensburg 08
61%
Regionalliga Nord VfB Oldenburg
61%
Regionalliga West Wuppertaler SV
61%
Regionalliga West Rot-Weiß Oberhausen
58%
3. Liga SC Verl
58%
Regionalliga Bayern SpVgg Bayreuth
58%
Regionalliga Nord SV Meppen
58%
Regionalliga Nordost BSG Chemie Leipzig
56%
Regionalliga Nordost FSV Zwickau
56%
3. Liga TSV Havelse
56%
Regionalliga Nord VfB Lübeck
56%
Regionalliga Nord Kickers Emden
53%
Regionalliga West Bonner SC
50%
Regionalliga Bayern Viktoria Aschaffenburg
50%
Regionalliga West FC Gütersloh
47%
Regionalliga Bayern FV Illertissen
47%
Regionalliga West Sportfreunde Siegen
47%
Regionalliga Bayern SpVgg Ansbach
44%
Regionalliga Südwest TSV Schott Mainz
44%
Regionalliga Nord Bremer SV
42%
Regionalliga Nordost Greifswalder FC
42%
Regionalliga Südwest SG Barockstadt Fulda-Lehnerz
42%
Regionalliga Nordost SV Babelsberg 03
42%
Regionalliga Nordost BFC Dynamo
39%
Regionalliga Südwest SGV Freiberg
39%
Regionalliga West Sportfreunde Lotte
39%
Regionalliga Bayern Wacker Burghausen
39%
Regionalliga Nord Altona 93
36%
Regionalliga Südwest Bahlinger SC
36%
Regionalliga Südwest TSV Steinbach Haiger
36%
Regionalliga West 1. FC Bocholt
33%
Regionalliga Nord 1. FC Phönix Lübeck
33%
Regionalliga Nord Eintracht Norderstedt
33%
Regionalliga Südwest SG Sonnenhof Großaspach
33%
Regionalliga Nord SV Drochtersen/Assel
33%
Regionalliga Nordost VSG Altglienicke
33%
Regionalliga Bayern FC Memmingen
31%
Regionalliga West SV Rödinghausen
31%
Regionalliga Nordost ZFC Meuselwitz
31%
Regionalliga Südwest Bayern Alzenau
28%
Regionalliga Nordost BFC Preußen
28%
Regionalliga Südwest FC-Astoria Walldorf
28%
Regionalliga Nordost FC Eilenburg
28%
Regionalliga Nordost FSV Luckenwalde
28%
Regionalliga West SSVg Velbert
28%
Regionalliga Nord SSV Jeddeloh II
28%
Regionalliga Südwest TSG Balingen
28%
Regionalliga Bayern TSV Buchbach
28%
Regionalliga Bayern VfB Eichstätt
28%
Regionalliga Bayern Schwaben Augsburg
25%
Regionalliga Bayern TSV Aubstadt
25%
Regionalliga Nord Blau-Weiß Lohne
22%
Regionalliga Bayern DJK Vilzing
22%
Regionalliga Nordost Hertha Zehlendorf
22%
Regionalliga West SC Wiedenbrück
19%
Regionalliga Nord FSV Schöningen
17%
Regionalliga Nord Hannoverscher SC
17%
Regionalliga Bayern SpVgg Hankofen-Hailing
14%
Keine übereinstimmenden Quizze gefunden
Verteilung der Resultate
Anzahl Personen mit jedem Resultat
Perzentil nach korrekt beantworteten Fragen
Ihre Resultats-Entwicklung
Sie haben dieses Quiz seit der letzten Aktualisierung nicht gespielt